000 00435nam a2200157Ia 4500
008 160316s1952 xxu||||| |||| 00| 0 eng d
082 _a342.085000
_bCHA
100 _aChafee Zechariah
245 _aDocuments on fundamental human rights Pamphlet 1
250 _a
260 _aCambridge
_bHarvard University Press
_c1952
300 _a282p
_b
_c
365 _b Gratis
650 _a1. Civil Rights - Sources - U S A
700 _a
_a
999 _c38897
_d38897